Documento de Hoy. Los riesgos de guerra y el despilfarro energético de EU
Guardado en:
| 格式: | Texto |
|---|---|
| 出版: |
México D.F.:
Proyecto Lázaro Cárdenas
|
| 版: | 0 |
| 標簽: |
添加標簽
沒有標簽, 成為第一個標記此記錄!
|
MARC
| LEADER | 00000 a a2200000 04500 | ||
|---|---|---|---|
| 001 | 24890 | ||
| 003 | |||
| 040 | |||
| 090 | |a 179500 | ||
| 245 | |a Documento de Hoy. Los riesgos de guerra y el despilfarro energético de EU | ||
| 250 | |a 0 | ||
| 260 | |a México D.F.: |b Proyecto Lázaro Cárdenas | ||
| 300 | |a 3 p. | ||
| 999 | |c 3179 |d 3179 | ||
